000 00377nam a22001217a 4500
999 _c9990
_d9990
003 OSt
008 201218b ||||| |||| 00| 0 eng d
245 _aClaro : Interactive Systems
250 _a2016(Jan-Mar Vol.2016, Apr-Jun Vol.2016, Jul-Sep Vol.2016)
260 _aAhmedabad
_bClaro Publications Private Limited
650 _aBachelor of Computer Applications
942 _2ddc
_cBV